|
|
|
|
| LEADER |
00828nam a2200229 a 4500 |
| 001 |
14563377 |
| 008 |
090603s2007 vau 000 0 eng d |
| 010 |
|
|
|a 2006935163
|
| 020 |
|
|
|a 9781570232657
|
| 040 |
|
|
|a DLC
|c DLC
|
| 082 |
0 |
0 |
|a 650.14
|2 22
|
| 100 |
1 |
|
|a Krannich, Caryl Rae.
|
| 245 |
1 |
0 |
|a Nail the job interview! :
|b 101 dynamite answers to interview questions /
|c Caryl and Ron Krannich.
|
| 250 |
|
|
|a 6th ed.
|
| 260 |
|
|
|a Manassas Park, VA :
|b Impact Publications,
|c 2007.
|
| 263 |
|
|
|a 0701
|
| 300 |
|
|
|a 182 p. ;
|c 22 cm.
|
| 541 |
1 |
|
|e 00017118
|
| 650 |
|
0 |
|a Employment interviewing.
|
| 852 |
4 |
|
|a Ayesha Abed Library
|j General Shelf.
|
| 999 |
|
|
|c 1410
|d 1410
|
| 952 |
|
|
|0 0
|1 0
|2 ddc
|4 0
|6 650_140000000000000_KRA_2007
|7 0
|9 7776
|a BRACUL
|b BRACUL
|c GEN
|d 2010-02-04
|l 20
|m 224
|o 650.14 KRA
|p 3010017118
|r 2024-12-04
|s 2024-09-29
|t 1
|w 2010-02-04
|y BK
|